Biblioteca

Tiempo de misión : América Latina y la misión cristiana hoy / Samuel Escobar (Registro nro. 37469)

Detalles MARC
000 -LÍDER
Campo fijo de descripción fija 005770000a22001930004500
020 ## - NÚMERO INTERNACIONAL NORMALIZADO PARA LIBROS
Número Internacional Normalizado del libro 99922-43-09-0
041 0# - CÓDIGO DE IDIOMA
Código de idioma para texto/pista de sonido o título separado
082 04 - NÚMERO DE CLASIFICACIÓN DECIMAL DEWEY
Número de clasificación G 266 E746t
001 - NÚMERO DE CONTROL
Campo de control 7252
100 1# - ASIENTO PRINCIPAL--NOMBRE PERSONAL
Nombre personal Escobar, Samuel (1934-)
245 10 - TÍTULO
Título del Material Tiempo de misión : América Latina y la misión cristiana hoy / Samuel Escobar
260 ## - PUBLICACIÓN, DISTRIBUCIÓN, ETC. (PIE DE IMPRENTA)
Lugar de publicación, distribución, etc. Bogotá, Colombia., : CLARA
300 ## - DESCRIPCIÓN FÍSICA
Extensión 158 Pag
336 ## - CONTENT TYPE
Content type term texto
Content type code txt
Source rdacontent
337 ## - MEDIA TYPE
Source rdamedia
Media type term sin mediación
Media type code n
338 ## - CARRIER TYPE
Source rdacarrier
Carrier type term volumen
Carrier type code nc
650 14 - ASIENTO SECUNDARIO DE MATERIA - TERMINO TEMÁTICO
Término temático o nombre geográfico como elemento de entrada MISIONES - AMERICA LATINA \ AMERICA LATINA - IGLESIA - HISTORIA
942 ## - TIPO DE MATERIAL (KOHA)
Tipo de Item KOHA Libros General
Existencias
Estado de Material Estado de Perdido Estado de Dañado No para Préstamo Colección Tomo Biblioteca de Origen Biblioteca Permanente Fecha de Adquisición Total de Préstamos Signatura Topográfica Código de Barras Última vez visto Última vez Préstado Ejemplar/Existencia Fecha de Remplazo Tipo de Material
        Colección General   Biblioteca FUSBC Biblioteca FUSBC 06/01/2005 3 G 266 E746t 12093 03/05/2024 15/02/2024 2016-12-02 26/01/2016 Libros General
        Colección General   Biblioteca FUSBC Biblioteca FUSBC 03/10/2013 3 G 266 E746t 4505 02/09/2025 16/08/2025 2016-12-02 26/01/2016 Libros General

Biblioteca FUSBC | Teléfono: (57+4) 349 88 10 Ext. 141| WhatsApp (+57) 3005338115 
E-mail: biblioteca@unisbc.edu.co | Calle 76 87-14 Robledo Palenque, Medellín, Colombia

Con tecnología Koha